=LDR 00000nam 2200000 4500 =001 INLIS000000000039228 =005 20130612144853 =008 ***********************************Ind** =035 ##$$a0010-061300000039228 =041 ##$$a Ind =082 ##$$a 664.07 =090 ##$$a 664.07, Nur a =100 ##$$a Nur'an =245 ##$$a Amankah Makanan Yang Anda Konsums?, Nur'an =260 ##$$a 2011 $b Arya Pustaka =300 ##$$a 159 Hlm, 22 Cm =700 ##$$a Fitri R.Ghozally.-- [ s.l ] =850 ##$$a NBPNMAT =990 ##$$a 93334/BPAP-NTB/2014